00507nam a2200181Ia 4500003000900000008004100009020001800050040001600068080001600084100001500100245006900115260004900184300001000233650001900243650002500262650001700287700002100304IN-BaIIA211028s9999 xx 000 0 eng d a0-913990-45-0 cIIA Library a621.19bLON aLong, Mark 4aThe world of satellite televisioncMark Long and Jeffrey Keating aTennesseebThe Book Publishing Companyc1983 a224p. aNASA Thesaurus aSatellite television aSpace probes aKeating, Jeffrey